[Event "Wch U20 Rapid"]
[Site "Pula"]
[Date "2023.10.11"]
[Round "4"]
[White "Pitzeri, Daniel Michele"]
[Black "Andreev, Konstantin1"]
[Result "0-1"]
[WhiteElo "1173"]
[BlackElo "2284"]
[PlyCount "74"]
[EventDate "2023.10.10"]
[EventType "swiss (rapid)"]
[EventRounds "11"]
[EventCountry "ITA"]
[SourceTitle "CBM 216 Extra"]
[Source "ChessBase"]
[SourceDate "2023.11.30"]
[SourceVersion "1"]
[SourceVersionDate "2023.11.30"]
[SourceQuality "1"]

1. e4 c5 2. Nf3 e6 3. d4 cxd4 4. Nxd4 Nc6 5. Nxc6 bxc6 6. Nc3 d5 7. exd5 cxd5 8. Bb5+ Bd7 9. Bxd7+ Qxd7 10. 0-0 Nf6 11. Be3 Be7 12. Ne2 e5 13. c3 0-0 14. f4 Ng4 15. Qd2 f6 16. h3 Nxe3 17. Qxe3 Qc7 18. Kh1 Rad8 19. Rad1 Bc5 20. Qd2 Rfe8 21. b4 Bb6 22. a4 Qd6 23. a5 Bc7 24. fxe5 fxe5 25. Kg1 d4 26. cxd4 exd4 27. Qf4 Qe7 28. Qf3 d3 29. Nf4 Rf8 30. Qg4 Bxf4 31. Rxf4 Qe3+ 32. Kh1 Rxf4 33. Qxf4 Qxf4 34. Kg1 d2 35. Kh1 Re8 36. Rg1 Re1 37. Rxe1 dxe1Q# 0-1